Score 0/8 Timer 00:30
0 Plays Today
% Correct
ACORN
93.4%
ALPHA
93.4%
APPLE
91.1%
ANGEL
90.8%
ARROW
86.5%
ATLAS
84.7%
AMBER
83.5%
ANKLE
75.8%
Remove Ads.
Support Sporcle.
Get the best of Sporcle when you Go Orange. This ad-free experience offers more features, more stats, and more fun while also helping to support Sporcle. Thank you for becoming a member.

You're not logged in!

Compare scores with friends on all Sporcle quizzes.
OR
Log In

Show Comments

Extras

Top Quizzes Today


Score Distribution

Your Account Isn't Verified!

In order to create a playlist on Sporcle, you need to verify the email address you used during registration. Go to your Sporcle Settings to finish the process.

Report this User

Report this user for behavior that violates our Community Guidelines.

Details: